000 00730nam a2200193 4500
008 210108b ||||| |||| 00| 0 eng d
040 _aDE-2950
_bger
_cDE-2950
_erda
041 _ager
245 _aStudentisches Wohnen im ehemaligen Krankenhaus Heilbronner Straße /
_c Alexander Obst
264 _c2024
653 _aFrankfurt (Oder)
653 _aKrankenhaus Heilbronner Straße
653 _aSanierung
773 _dFrankfurt (Oder): Stadt Frankfurt (Oder) und Büro für Stadtplanung, -forschung und -erneuerung
_g(2024), Nr. 33, Dezember, S. 16
_tZentrum: Zeitschrift für das Sanierungsgebiet ehemalige Altstadt Frankfurt (Oder)
942 _cA
999 _c373718
_d373718